000 00779nam a2200265Ia 4500
003 OSt
005 20220928125643.0
006 a|||||r|||| 00| 0
007 ta
008 220927b |||||||| |||| 00| 0 eng d
020 _c45873.599999999999
024 _a124201
037 _b104, 03/09/2014, N.R.Book Distributors
_cTextual
040 _aSDCL
_cSDCL
_beng
041 _2eng
_aeng
082 _aG115, Q3
100 _aRosenberg Eugene
_9470797
245 0 _aProkaryotes
_bApplied bacteriology and biotechnology
250 _a4th
260 _aHeidelberg
_bSpringer
_c2013
300 _axviii,393p
_ccm.
650 _aReference
942 _hG115, Q3
_cTEXL
_2CC
999 _c783505
_d783505